Представление документа в формате RUSMARC

ПолеНазваниеЗначение
  Тип записи a
  Библиографический уровень m
001 Контрольный номер RU/IS/BASE/327769852
005 Дата корректировки 20201215095511.3
010 Индекс ISBN __
a ISBN 5-222-00939-4
d Цена 16-57
200 Заглавие и сведения об ответственности 1_
a Заглавие Чудо-соя!
e Сведения, относящиеся к заглавию Лучшие рецепты соевой кулинарии
f Первые сведения об ответственности Н. И. Смородина
210 Выходные данные 1_
a Место издания Ростов н/Д
c Издательство Феникс
d Дата издания 2000
215 Физическое описание __
a Объем 219, [5] с.
225 Серия (Журнальная рубрика) 2_
a Серия (Журнальная рубрика) Домашняя энциклопедия
318 Примечание о действии __
a Действие п
606 Тематические рубрики __
a Основная рубрика пищевые производства
610 Ключевые слова 0_
a Ключевые слова соя
a Ключевые слова соевая кулинария
686 Индексы других классификаций __
a Индекс ББК 36.992
700 Автор _1
a Фамилия Смородина
b Имя Н. И.
801 Источник записи _0
a Страна RU
b Организация ЦРБ, Сургут
g Правила каталогизации ОКиО/Кочева
801 Источник записи _1
a Страна RU
b Организация ЦРБ, Сургут
g Правила каталогизации ОКиО/Кочева
852 Данные о местонахождении __
j Шифр хранения 36.992
i Авторский знак С 516
p Инвентарный номер 64694
b Сигла хранения ООЧ; 8
901 Тип документа __
t Тип документа m
990 Данные о заказе (DOS) __
h N записи в КСУ для Б/У (DOS) 2001-8
j Количество экземпляров (DOS) 2